Open Data Biblioteca Nacional de Portugal


República Portuguesa: Ministério da Cultura
Biblioteca Nacional de Portugal

Catálogo da BNP: acesso por Identificadores Unívocos
Registos Bibliográficos associados ao registo de autoridade

Etiqueta de registo: 00000nam 2200025 450
001 1946264
003 http://id.bnportugal.gov.pt/bib/catbnp/1946264
100 ## $a20161027d2015 k y0pory01030103ba
101 0# $aeng$dpor
102 ## $aPT
105 ## $aa m 000yy
106 ## $ar
200 1# $aElectrokinetic treatment of environmental matrices$econtaminants removal and phosphorus recovery$fPaula Alexandra Rodrigues e Araújo Guedes$gorient. Alexandra de Jesus Branco Ribeiro, Eduardo Manuel Hipólito Pires Mateus
210 #9 $aLisboa$c[s.n.],$d2015
215 ## $aXX, 260 p$cil.$d30 cm
328 #1 $aTese dout. Ambiente, Fac. de Ciências e Tecnologia, Univ. Nova de Lisboa, 2015
675 ## $a628.3(043)$vBN$zpor$31222940
700 #1 $aGuedes,$bPaula Alexandra Rodrigues e Araújo$31661008
702 #1 $aRibeiro,$bAlexandra de Jesus Branco,$f1962-$4727$380436
702 #1 $aMateus,$bEduardo Manuel Hipolito Pires$4727$31445476
801 #0 $aPT$bBN$gRPC
966 ## $lBN$mFGMON$sS.A. 163478 V.$x1

Etiqueta de registo: 00254nam 2200025 450
001 2284663
003 http://id.bnportugal.gov.pt/bib/catbnp/2284663
100 ## $a20260417d2025 k y0pory01030103ba
101 0# $aeng$dpor
102 ## $aPT
105 ## $aa m 000yy
106 ## $ar
200 1# $aAnalysis of pesticide residues in soil$enew approaches for environmental monitoring$fJoão Eduardo Rodrigues Sedas Brinco$gorient. Paula Alexandra Rodrigues e Araújo Guedes, Alexandra de Jesus Branco Ribeiro, Marco Diogo Richter Gomes da Silva
210 #9 $a[S.l.$cs.n.],$d2025
215 ## $aXX, 105 p.$cil.$d30 cm
328 #1 $aTese dout. Environment and Sustainability, Nova School of Science & Technology, Universidade Nova de Lisboa, 2025
675 ## $a632.95(043)$vBN$zpor$3623971
675 ## $a614.7(043)$vBN$zpor$3303383
675 ## $a543.62(043)$vBN$zpor$31229656
700 #1 $aBrinco,$bJoão Eduardo Rodrigues Sedas$31996152
702 #1 $aGuedes,$bPaula Alexandra Rodrigues e Araújo$4727$31661008
702 #1 $aRibeiro,$bAlexandra de Jesus Branco,$f1962-$4727$380436
702 #1 $aSilva,$bMarco Diogo Richter Gomes da,$f1966-$4727$354041
801 #0 $aPT$bBN$gRPC
966 ## $lBN$mFGMON$sS.A. 193893 V.$x1
971 ## $cisantos$d20260417
972 ## $e0$z0$d20260520$vasantos
973 ## $cigoulao$d20260518

OpendataBNP@bnportugal.pt | Mais informação sobre acesso aos dados BNP